header

Raising venture capital finance in Europe (Record no. 142483)

MARC details
000 -LEADER
fixed length control field 01371nam a2200337Ia 4500
082 04 - DEWEY DECIMAL CLASSIFICATION NUMBER
Classification number 658.15/224094
100 1# - MAIN ENTRY--AUTHOR NAME
Personal name Arundale, Keith.
245 10 - TITLE STATEMENT
Title Raising venture capital finance in Europe
260 ## - PUBLICATION, DISTRIBUTION, ETC. (IMPRINT)
Place of publication London ;
-- Philadelphia :
Name of publisher Kogan Page Ltd,
Year of publication 2007.
300 ## - PHYSICAL DESCRIPTION
Number of Pages xxiii, 308 p. :
Other physical details ill. (some col.), maps.
650 #0 - SUBJECT ADDED ENTRY--TOPICAL TERM
Topical Term Corporations
Topical Term New business enterprises
Topical Term Venture capital
856 40 - ELECTRONIC LOCATION AND ACCESS
Uniform Resource Identifier http://site.ebrary.com/lib/rucke/Doc?id=10180629

No items available.

© 2026 Rongo University
Contact us: librarian | system librarian | Rongo university